| 000 | 00954pam a2200277 a 4500 | ||
|---|---|---|---|
| 001 | 4019085 | ||
| 003 | OSt | ||
| 005 | 20240802101010.0 | ||
| 008 | 971203s1998 enka b 001 0 eng | ||
| 010 | _a 97050580 | ||
| 020 | _a1840644531 (paperback) | ||
| 040 |
_aNUST _cNUST _dNUST _beng _erda |
||
| 050 | 0 | 0 | _aHJ1620 HOS |
| 100 | 1 | _aHossain, Akhand Akhtar. | |
| 245 | 1 | 0 |
_aOpen-economy macroeconomics for developing countries / _cAkhtar Hossain |
| 260 |
_aCheltenham, UK ; _aNorthampton, MA : _bElgar Pub., _c@1998. |
||
| 300 |
_axi, 252 pages. : _billustrations. ; _c25 cm. |
||
| 336 |
_2rdacontent _atext _btxt |
||
| 337 |
_2rdamedia _aunmediated _bn |
||
| 338 |
_2rdamedia _avolume _bnc |
||
| 504 | _aIncludes bibliographical references and index. | ||
| 650 | 0 |
_aFiscal policy _zDeveloping countries. |
|
| 650 | 0 |
_aMonetary policy _zDeveloping countries. |
|
| 700 | 1 |
_aChowdhury, Anis, _d1954- |
|
| 942 |
_2lcc _cBOOKS _hHJ1620 _kHJ _mHOS _n0 |
||
| 999 |
_c170648 _d170648 |
||